00830nam a2200205Ia 450000500170000000800410001702000180005804000700007604100080014610000240015424501180017826000580029630000480035450400410040265000250044365000530046865000440052170000290056570000300059420160222112833.0130821s1995 ck ao fr 0 spa d a9789589362204 aCo-BoUCMbspacSaul Niño (Modificó)dSaul Niño (Modificó)00aspa1 aCruz, Carmen Inés00aArmerobdiez años de ausenciacCarmén Ines Cruz Betancourt, Francisco Parra Sandoval, Nelsy Gined Roa López aIbagué (Tolima, Colombia)bFondo Resurgir-FESc1995 a207 páginasbilustraciones, fotografías aIncluye referencias bibliográficas04aCrónicaszColombia04aDesastres naturalesxHistoriayArmero (Colombia)04aDesastres naturaleszColombiaxHistoria1 aRoa López, Nelsy Gined1 aParra Sandoval, Francisco